000 00292nam a22001217a 4500
008 181025b xxu||||| |||| 00| 0 eng d
041 _aeng
080 _a821
100 _a23
101 _aGJU
245 _aThe American Dictionary Of The English Language
_cMorris.W
942 _2udc
_cBK
999 _c50903
_d50903